01414cam a2200337 a 45000010005000000030006000050050017000110080041000280100017000690200022000860200017001080400023001250420009001480500022001570820012001791000021001912450187002122460030003992600039004293000055004685050007005235200373005305210009009035210028009125210018009406500019009586500019009777000036009967000019010327000025010512002FISKH20231027144408.0990402s1999 nyua b 000 1 eng  a 99062459  a0064442691 (pbk.) a046594002990 aDLCcDLCdDLCbeng alcac00aPZ7.R387bSt 199900a5142211 aRichards, Kitty.10aStuart Little.pStuart finds his way home /cbased on the screenplay by Gregory J. Brooker and M. Night Shyamalan ; [adaptation by Kitty Richards ; illustrations by Carolyn Bracken].30aStuart finds his way home aNew York :bHarper Collins,c1999. a24 unnumbered pages :bcolor illustrations;c22 cm aE  aChased Away When the Littles bring their new son home, their cat, Snowbell, tries to eat him. After all, Stuart is a mouse, not a person. And Snowbell doesn't like the idea of a mouse ordering him around. So he and the neighborhood cats trick Stuart into leaving the Littles. Stuart goes far away, but realizes he misses his family. Will Stuart ever make it back home?8 a260 8 a260 bLexile estimate 8 aE bRaz-Plus  1aMicevFiction. 1aCatsvFiction.1 aBracken, Carolyn,eillustrator.1 aBrooker, Greg.1 aShyamalan, M. Night.